| 000 | 00548nam a22002057a 4500 | ||
|---|---|---|---|
| 003 | OSt | ||
| 005 | 20140310184527.0 | ||
| 008 | 131022t xxu||||| |||| 00| 0 eng d | ||
| 020 | _a0590101374 | ||
| 050 |
_aPZ 7 _b.B325i 1975 |
||
| 100 |
_aBarchas , Sarah E. _930329 |
||
| 245 |
_aI was walking down the road _cBarchas, Sarah E. |
||
| 260 |
_aNew York : _bScholastic Inc., _c1975. |
||
| 300 |
_a32 p. : _bill. ; _c10 cm. |
||
| 521 | _aBR | ||
| 526 | _cBR | ||
| 700 |
_aBarchas, Sarah E. _930330 |
||
| 942 |
_2lcc _cBK-SCHOLAS |
||
| 999 |
_c35151 _d35151 |
||